00729nam a2200241Ia 4500003000900000008004100009040001300050040001300063041000800076100002300084245003400107250001000141260001300151260000900164300001100173300001200184490005100196490000600247600001300253942000700266999001700273952019700290IT-RoPAU120407s9999 xx 000 0 und d aIT-RoPAU cIT-RoPAU afra aClaude Tresmontant aProblèmes du Christianisme. aParis aDu Seuil c1980 a280 p. c20,5 cm aLes problèmes de la Philosophie chrétienne v1 a1. Anima cBK c31306d31306 00102ddc406230_12300000000000071aPAULUSbPAULUSd2012-04-11l0o230.123r2012-04-11 00:00:00w2012-04-11yBKzInserito da: Anna In data: 05 ottobre 2011 fondo: Via A.Severo 56 Progr:29883